000 03937nkm0a2200553 4500
001 RU\NLR\bibl\2085883
005 20250806204013.0
020 _aRU
_b1128(8)
_9ЛЕНИНГРАД В ВЕЛИКОЙ ОТЕЧЕСТВЕННОЙ ВОЙНЕ : Печать Ленинграда, 1941 - 1945 : каталог изданий, хранящихся в фондах Гос. Публ. б-ки, вып.2. Листовки, плакаты, открытки, альбомы / Гос. публ. б-ка им. М.Е. Салтыкова-Щедрина. - Ленинград, 1972
020 _aRU
_b44-1793 (вып. 1944, N 1/2)
_9Летопись изоизданий / ВКП. - Москва, 1944. - Вып. 1944, N 1/2
035 _a(NLR Aleph) 010197553
071 5 0 _a2344
_d40 к.
_920000
090 _a78248
_c78248
100 _a20131122d1943 u y0rusy50 ca
101 0 _arus
102 _aRU
116 _aiiyc||||||bi ae
135 _acrcn 024apaba
200 1 _aГород готовится к обороне
_bИзоматериал
_eпочтовая карточка
_fхуд.: Н.А. Павлов
_gред.: П.Е. Корнилов
210 _aЛенинград
_cИскусство
_d1943
_gЛТ УН-1
215 _a1 л.
_cлитогр. с тоном
_d9,9х15,2
225 1 _aЛенинград в дни Отечественной войны
300 _aСправа внизу факс. подписи художника и дата: Ник Пав 1942
300 _aЦенз. разрешение: М10575
300 _aИзд. номер: 2344
321 0 _aСражающийся Ленинград. Почтовая открытка = Postcard. Leningrad in strugle : энциклопедический каталог / А.Д. Гдалин, М.Р. Иванова ; [Союз проф. литераторов России и др.]. - Санкт-Петербург : Инфо-Да, 2007.
_c465
325 1 _aЭлектронная копия доступна в Электронной библиотеке РНБ
327 0 _aРаботы на набережной канала Грибоедова в Ленинграде, вид на Казанский собор
540 1 _aРаботы на набережной канала Грибоедова в Ленинграде, вид на Казанский собор
540 1 _aКанал Грибоедова (Ленинград)
540 1 _aКазанский собор (Ленинград)
606 1 _aБлокада Ленинграда
_z1941 - 1944
_xИзображение на почтовых открытках маркированных художественных
_z1941 - 1945
_2nlr_sh2
_3RU\NLR\auth\6601539002
686 _aЩ153(2Р=Рус)7-489
686 _aЩ153(2Р=Рус)7-3
700 1 _aПавлов
_bН. А.
_cхудожник-офортист
_f1899-1968
_gНиколай Александрович
_3RU\NLR\AUTH\770127589
_4040
702 1 _aКорнилов
_bП.Е.
_cискусствовед
_f1896-1981
_gПетр Евгеньевич
_3RU\NLR\AUTH\770127609
_4340
801 0 _aRU
_bNLR
_c19720101
_gPSBO
801 1 _aRU
_bNLR
_c20131122
_gRCR
852 _aNLR
_bЛ3-310о
_j29/6-2
856 0 _uhttp://vivaldi.nlr.ru/lo000070459/view
856 1 _uhttp://vivaldi.nlr.ru/lo000070459/cover
856 2 _uhttp://vivaldi.nlr.ru/lo000070459/text
901 _eИзографические материалы
942 _cVISUAL
945 _aРоссийская национальная библиотека
980 _aBV
981 3 7 _a(37) Ленинград в Великой Отечественной войне
_b(37) Открытки блокадного Ленинграда
981 1 7 _a(17) Изографические материалы
_b(17) Открытки